=LDR 00000nam 2200000 4500 =001 INLIS000000000009640 =005 20130612101426 =008 ***********************************Ind** =035 ##$$0010-061300000009640 =041 ##$$a Ind =082 ##$$a 291.04 =090 ##$$a 291.04, Arm b =100 ##$$a Armsfrong, Karen =245 ##$$a Berperang Demi Tuhan, Karen Armsfrong =260 ##$$a 2001 $b bandung =300 ##$$a xx, 641 hlm, 21 cm =650 ##$$a Agama Perbandingan =850 ##$$a NBPNMAT